[Event "Pan American-ch School U13 12th"]
[Site "Callao"]
[Date "2023.10.19"]
[Round "6"]
[White "Nava Cahuana, Rico Sheng Ling"]
[Black "Torres Torres, George Maycol"]
[Result "1/2-1/2"]
[WhiteElo "1016"]
[BlackElo "1301"]
[PlyCount "45"]
[EventDate "2023.10.16"]
[EventType "swiss"]
[EventRounds "9"]
[EventCountry "PER"]
[SourceTitle "Mega2024 Update 01"]
[Source "Chessbase"]
[SourceDate "2023.11.12"]
[SourceVersion "1"]
[SourceVersionDate "2023.11.12"]
[SourceQuality "1"]

1. e4 c5 2. Nf3 d6 3. Nc3 Nf6 4. Bc4 e6 5. d3 Nc6 6. 0-0 Be7 7. Re1 0-0 8. h3 Re8 9. a3 d5 10. exd5 exd5 11. Ba2 Be6 12. Ng5 Bd6 13. Qf3 Nd4 14. Qd1 Bc7 15. Nf3 Qd6 16. Ne5 Bxh3 17. Bf4 Bg4 18. Qd2 Qd8 19. Nxg4 Rxe1+ 20. Rxe1 Nxg4 21. Nxd5 Ne6 22. Bxc7 Nxc7 23. Ne7+ 1/2-1/2

[Event "Pan American-ch School U13 12th"]
[Site "Callao"]
[Date "2023.10.17"]
[Round "3"]
[White "Delgado Alarcon, Julian Rafael"]
[Black "Nava Cahuana, Rico Sheng Ling"]
[Result "1-0"]
[WhiteElo "1193"]
[BlackElo "1016"]
[PlyCount "85"]
[EventDate "2023.10.16"]
[EventType "swiss"]
[EventRounds "9"]
[EventCountry "PER"]
[SourceTitle "Mega2024 Update 01"]
[Source "Chessbase"]
[SourceDate "2023.11.12"]
[SourceVersion "1"]
[SourceVersionDate "2023.11.12"]
[SourceQuality "1"]

1. d4 Nf6 2. c4 g6 3. Nc3 Bg7 4. e4 d6 5. Nf3 0-0 6. Be2 Re8 7. 0-0 h6 8. h3 Nc6 9. Be3 e5 10. d5 Ne7 11. Qd2 Kh7 12. Nh2 Nfg8 13. Bd3 f5 14. f4 c6 15. Rad1 Nf6 16. Bc2 cxd5 17. cxd5 Nh5 18. fxe5 Bxe5 19. Ne2 Ng8 20. exf5 gxf5 21. Bxf5+ Bxf5 22. Rxf5 Nhf6 23. Qd3 Kg7 24. Nd4 Qe7 25. Ne6+ Kh8 26. Rdf1 Qh7 27. Qd2 Ne4 28. Qb4 Ng3 29. Rf7 Qd3 30. R1f3 Qd1+ 31. Nf1 Ne2+ 32. Kh1 Ng3+ 33. Rxg3 Bxg3 34. Bd4+ Be5 35. Bxe5+ dxe5 36. Qe4 Nf6 37. Qg6 Qxf1+ 38. Kh2 Ng4+ 39. hxg4 Qxf7 40. Qxf7 Rg8 41. Qf6+ Kh7 42. Qf5+ Kh8 43. d6 1-0

[Event "Pan American-ch U12"]
[Site "Montevideo"]
[Date "2022.06.27"]
[Round "2"]
[White "Nava Cahuana, Rico Sheng Ling"]
[Black "Cortez Vilca, Tomas"]
[Result "0-1"]
[WhiteElo "1067"]
[BlackElo "1275"]
[PlyCount "48"]
[EventDate "2022.06.26"]
[EventType "swiss"]
[EventRounds "9"]
[EventCountry "URU"]
[SourceTitle "EXT 2023"]
[Source "ChessBase"]
[SourceDate "2022.10.05"]
[SourceVersion "1"]
[SourceVersionDate "2022.10.05"]
[SourceQuality "1"]

1. e4 e5 2. Nf3 Nc6 3. Bb5 d6 4. Nc3 a6 5. Bc4 Be6 6. Bxe6 fxe6 7. d3 Nf6 8. h3 Nd4 9. Be3 c5 10. a4 Be7 11. Na2 Nh5 12. c3 Nxf3+ 13. Qxf3 Nf6 14. 0-0 0-0 15. d4 exd4 16. cxd4 b6 17. Nc3 Qd7 18. Qe2 e5 19. Qc4+ Kh8 20. dxe5 dxe5 21. Rad1 Qc6 22. f4 exf4 23. Rxf4 a5 24. b3 Rad8 0-1